Регионална библиотека "Любен Каравелов" - Русе

Зло наследство (Запис номер 389584)

MARC детайли
000 -Лидер
Контролно поле с фиксирана дължина 00933aam a2200289 a 4500
003 - Код на организацията, давaща контролен номер
Контролно поле BLK
005 - Дата и час на последна редакция
Контролно поле 20250326091832.0
008 - Елементи от данни с фиксирана дължина
fixed length control field 180718b bul||||| |||| 00| 0 bul d
020 ## - Международен стандартен номер на книга ISBN
Международен стандартен номер на книга ISBN 9786191612314
040 ## - Източник на каталожния запис
Идентификатор на билиотеката - собственик на записа BLK
041 ## - Код за език
Код за езика на текст/звукозапис или на отделно заглавие Български
Код за езика КДБФ Български
080 ## - УДК
Текстов определител УДК Норвежка литература
УДК код - определител по УДК 821.113.5
УДК - код + определител 821.113.5-312.4
УДК определител -312.4
100 ## - Редна дума - Автор
Автор Енгер, Томас
Авторска отговорност първи автор
R(LIN) 1299
139 ## - Редно поле
Редна дума Енгер, Томас
Авторски знак Енг - Е 62
245 ## - Сведения за заглавието
Заглавие Зло наследство
Подзаглавни данни Роман
Редно поле (дума) Томас Енгер; прев. от норв. Ясна Мускова.
257 ## - Страна на издаване
Страна на създаване/издаване Норвегия
260 ## - Област на издателските данни
Име на издателя, разпространителя и проч. Персей
Година на издаване 2020
Място на издаване, разпространение и проч. София
300 ## - Физическа характеристика
Страници 319 с.
Размери/Мащаб 20 см
380 ## - Жанр
Жанр Худож. лит.
700 ## - Други автори (авторска отговорност)
9 (RLIN) 1105
Лично име Мускова, Ясна
Автороска отговорност (Описва отношението между автора и произведението) прев. от норв.
999 ## - СИСТЕМНИ КОНТРОЛНИ НОМЕРА
Koha biblionumber 389584
Koha biblioitemnumber 389584
942 ## - АРТИКУЛИ
Вид на библиотечния материал Книги
Източник на класификационната схема Universal Decimal Classification
Скрит в OPAC Не
Koha issues (borrowed), all copies 83
Периодичен библиозапис Да
999 ## - СИСТЕМНИ КОНТРОЛНИ НОМЕРА
Koha biblioitemnumber 389584
999 ## - СИСТЕМНИ КОНТРОЛНИ НОМЕРА
Koha biblioitemnumber 322932
999 ## - СИСТЕМНИ КОНТРОЛНИ НОМЕРА
Koha biblioitemnumber 322932
999 ## - СИСТЕМНИ КОНТРОЛНИ НОМЕРА
Koha biblioitemnumber 322932
944 ## - СЪЗДАВАНЕ И РЕДАКЦИЯ на ЗАПИСА
Служител, извършил регистрацията/редакцията 30576
Статус, дата на статуса Цветомила Тодорова
Наличности
Код за отписване Код за изгубен артикул Източник на класификационната схема Код за повреда Коз за рестрикции Код за отдаване Артикулен № Име на библиотеката - собственик Име на библиотеката, в която се намира в момента Статус (Текущо местоположение) Дата на вписване в системата Местоположение - отдел Цена в лева Систематично азбучна сигнатура Баркод Цена в евро Служебен тип на артикула
  Не е изгубен Universal Decimal Classification Не е повреден без рестрикции заемане за дома 802261 Регионална библиотека "Любен Каравелов" Русе Регионална библиотека "Любен Каравелов" Русе Заемна - подръчен фонд 2020-10-01 Заемна - подръчен фонд 11.24 821-31/Е 62 Т 120000848325 5.75 Книги
  Не е изгубен Universal Decimal Classification Не е повреден без рестрикции заемане за дома 802262 Регионална библиотека "Любен Каравелов" Русе Регионална библиотека "Любен Каравелов" Русе Заемна - подръчен фонд 2020-10-01 Заемна - подръчен фонд 11.24 821-31/Е 62 Т 120000848326 5.75 Книги
Vip Innovations Ltd, Rousse, Bulgaria 2025